De jardines ajenos : libro abierto /
Guardado en:
| Autor Principal: | |
|---|---|
| Formato: | Libro |
| Publicado: |
Buenos Aires :
Temas Grupo Editorial,
1997
|
| Materias: | |
| Etiquetas: |
Agregar Etiqueta
Sin Etiquetas, Sea el primero en etiquetar este registro!
|
| LEADER | 00718nam a22002175a 4500 | ||
|---|---|---|---|
| 001 | EHU.bham021973 | ||
| 003 | AR-BHAM | ||
| 005 | 20070628160215.0 | ||
| 008 | 130507s1997##################000#0#####d | ||
| 082 | A | 8 | |a 868.4 |
| 100 | 1 | |a Bioy Casares, Adolfo | |
| 245 | 1 | 0 | |a De jardines ajenos : |b libro abierto / |c Adolfo Bioy Casares |
| 260 | |a Buenos Aires : |b Temas Grupo Editorial, |c 1997 | ||
| 300 | |a 320 p. | ||
| 500 | |a Edición al cuidado de Daniel Martino.- | ||
| 653 | |a Literatura argentina | ||
| 653 | |a Literatura argentina-1911- | ||
| 653 | |a Literatura argentina-siglo 20 | ||
| 653 | |a Miscelanea argentina | ||
| 653 | |a Miscelanea argentina-1911- | ||
| 859 | |a AR-BHAM |b BIB. HUMANIDADES - General |h A868.4 |i B525 |k A |p 160.98 |t Ej.1 | ||
